Pájinas de un viaje al través de la América del Sur

Sparad:
Bibliografiska uppgifter
Huvudupphovsman: Walker Martínez, Carlos (Författare, medförfattare)
Materialtyp: Bok
Språk:spanska
Publicerad: Santiago Imprenta de El Independiente 1876
Upplaga:1a. ed
Ämnen:
Taggar: Lägg till en tagg
Inga taggar, Lägg till första taggen!

MARC

LEADER 00000nam a2200000 a 4500
001 UCJ5410
003 CL-VaPUC
008 070124e18760000CL |||||||||||||||||spa|d
082 0 4 |a 910.4  |b WAL  |2 21 
100 0 |a Walker Martínez, Carlos  |e author  |9 438546 
245 1 0 |a Pájinas de un viaje al través de la América del Sur 
250 |a 1a. ed 
300 |a 272 p 
942 |c BK 
945 |d 20070124 00:00:00  |a rinostro 
260 |a Santiago  |b Imprenta de El Independiente  |c 1876 
650 0 |a Viajes  |9 257115 
650 0 |a Historia de Chile  |9 265473 
650 7 |a TRADICIONES  |2 CL-VaPUC  |9 367367 
650 0 |a Cultura  |9 269059 
650 0 |a Arqueología   |9 265619 
650 7 |a ESPEJISMOS  |2 CL-VaPUC  |9 510555 
651 0 |a Bolivia  |9 255454 
651 7 |a CHILE  |2 CL-VaPUC  |9 510556 
583 |a last modification  |c 20070124 00:00:00  |k Rodrigo Vera 
999 |c 321519  |d 321517 
952 |0 0  |1 0  |4 0  |6 910_400000000000000_WAL_1876  |7 0  |8 X  |9 400286  |a FDOBUD  |b FDOBUD  |d 2019-11-22  |i 1034332  |o 910.4 WAL 1876  |p 1034332  |r 2019-11-22  |w 2019-11-22  |y BK_X  |k BUD